| Tag |
First Indicator |
Second Indicator |
Subfields |
| LEADER |
00000cam a22000005 4500 |
| 001 |
in00001136852 |
| 005 |
20150930084511.0 |
| 008 |
850116s1909 gw af 000 0 ger d |
| 035 |
|
|
|a (OCoLC)11588089
|
| 035 |
|
|
|9 AFX7327AM
|
| 040 |
|
|
|a CLU
|c CLU
|d OCL
|d TXA
|d UtOrBLW
|
| 049 |
|
|
|a TXAM
|
| 090 |
|
|
|a N72
|b .B74 1909
|
| 100 |
1 |
|
|a Bredt, Ernst Wilhelm,
|d 1869-1938.
|
| 245 |
1 |
0 |
|a Sittliche oder unsittliche kunst :
|b Eine historische revision /
|c E.W. Bredt.
|
| 264 |
|
1 |
|a München :
|b R. Piper & co., g.m.b.h.,
|c 1909.
|
| 300 |
|
|
|a 4 pages †., 115 pages, 1 unnumbered page :
|b illustrations
|
| 336 |
|
|
|a text
|b txt
|2 rdacontent
|
| 337 |
|
|
|a unmediated
|b n
|2 rdamedia
|
| 338 |
|
|
|a volume
|b nc
|2 rdacarrier
|
| 650 |
|
0 |
|a Erotic art.
|
| 650 |
|
0 |
|a Nude in art.
|
| 650 |
|
0 |
|a Art criticism.
|
| 999 |
|
|
|a MARS
|
| 999 |
f |
f |
|s 8cace8d4-239a-31e5-8603-453b5d56fd2c
|i 56b3ca3b-8290-3933-a6eb-716b363202f1
|t 0
|
| 952 |
f |
f |
|p normal
|a Texas A&M University
|b College Station
|c Sterling C. Evans Library
|d Evans: Library Stacks
|t 0
|e N72 .B74 1909
|h Library of Congress classification
|i unmediated -- volume
|m A14817396574
|
| 998 |
f |
f |
|a N72 .B74 1909
|t 0
|l Evans: Library Stacks
|